| 000 | 00820cpcaa22002417a 4500 | ||
|---|---|---|---|
| 001 | mm 79000504 | ||
| 003 | DLC | ||
| 005 | 20260227111632.0 | ||
| 008 | 790809|||||||||||| spa | ||
| 010 | _amm 79000504 | ||
| 040 |
_aDLC _cDLC _dDLC _edacs |
||
| 041 |
_aspa _aeng |
||
| 072 | 7 |
_aN _2lcmd |
|
| 245 | 0 | 0 |
_aLouisiana Courier : _kappointment with recommendations, _f1850. |
| 300 |
_a1 _fitem. |
||
| 506 | 0 | _aOpen to research. | |
| 546 | _aCollection material in Spanish, with English. | ||
| 580 | _aForms part of: Miscellaneous Manuscripts collection. | ||
| 630 | 0 | 0 | _aLouisiana courier (New Orleans, La.) |
| 651 | 0 |
_aNew Orleans (La.) _vNewspapers. |
|
| 999 |
_c40438 _d40438 |
||